Statistiques concernant Quiz sur Metz

Cliquez ici pour prendre le quiz!

Statistiques générales

  • Ce quiz a été pris 287 fois
  • Le résultat moyen est 10 sur 15

Statistiques - réponses

QuestionRéponse% Correct
Numéro du département57
99%
Pays auquel a appartenu Metz pendant la période 1870-1918Allemagne
99%
Rivière qui traverse Metz portant le même nom que le départementMoselle
96%
Seconde ville la plus peuplée de la LorraineNancy
90%
Collectivité regroupant l’Alsace, la Lorraine et la Champagnes-ArdennesGrand Est
88%
Bâtiment historique construit au cœur de la villeCathédrale
86%
Ville en banlieue qui s’est fait connaître humoristiquement sur TwitterWoippy
84%
Stade du FC MetzSaint-Symphorien
82%
Galerie d’arts (se trouvant également à Paris)Centre Pompidou
74%
Porte de ville fortifiée à l’est de MetzPorte des Allemands
64%
Reconnu comme père de l’Europe ayant une maison en banlieue de MetzSchuman
53%
Maire actuel de la villeGrosdidier
45%
Poète français ayant vécu à MetzVerlaine
34%
Place la plus connueSaint-Louis
33%
Ville jumelée avec MetzTchernivtsi
6%

Distribution des résultats

Percentile par nombre de réponses

% des personnes avec chaque résultat

Votre développement - résultats

Vous n’avez pas pris ce quiz